Introduction to modern sociology / (Record no. 64908)

MARC details
000 -LEADER
fixed length control field 00521nam a22001577a 4500
005 - DATE AND TIME OF LATEST TRANSACTION
control field 20120412122419.0
020 ## - INTERNATIONAL STANDARD BOOK NUMBER
International Standard Book Number 8189582143
Terms of availability 695.00
035 ## - SYSTEM CONTROL NUMBER
System control number B-220760
037 ## - SOURCE OF ACQUISITION
Stock number DPL
Source of stock number/acquisition ENG
245 ## - TITLE STATEMENT
Title Introduction to modern sociology /
Statement of responsibility, etc edited by Nirmala Sharma
260 ## - PUBLICATION, DISTRIBUTION, ETC. (IMPRINT)
Place of publication, distribution, etc New Delhi
Name of publisher, distributor, etc Alfa Publications
Date of publication, distribution, etc 2006
300 ## - PHYSICAL DESCRIPTION
Extent v, 290p.
Dimensions 20 cms.
700 ## - ADDED ENTRY--PERSONAL NAME
Personal name Sharma, Nirmala
9 (RLIN) 44986
942 ## - ADDED ENTRY ELEMENTS (KOHA)
Source of classification or shelving scheme Dewey Decimal Classification
Item type English Books
Classification part 301
Call number suffix INT
Holdings
Withdrawn status Lost status Not for loan Collection code Home library Current library Date acquired Cost, normal purchase price Full call number Barcode Cost, replacement price Koha item type
      Non-fiction Sarojini Nagar Sarojini Nagar 12/04/2012 695.00 301 INT B-220760 695.00 English Books

© Delhi Public Library
Hit Counter
free hit counter